000 00252nam a22000857a 4500
008 160822b xxu||||| |||| 00| 0 eng d
100 _9202
_aManchanda R.P
245 _aTogether with Chemistry Solution-XII
260 _aNew Delhi
_bRachna Sagar publication
_c2013
999 _c2860
_d2860